Nguyễn Công Trứ - Cao Bá Quát Theo chương trình phân ban 1997 - 1998 của Bộ GD ĐT

.

Na minha lista:
Detalhes bibliográficos
Formato: Livro
Idioma:Vietnamese
Publicado em: TP. Hồ Chí Minh Nxb. Văn nghệ TP. Hồ Chí Minh 1997
Colecção:Tử sách Văn học trong nhà trường
Assuntos:
Tags: Adicionar Tag
Sem tags, seja o primeiro a adicionar uma tag!
Thư viện lưu trữ: Mạng thư viện Đại học Đà Nẵng
LEADER 01072nam a2200313 4500
001 000014352
003 10716
005 20120425160444.0
008 120425s1997 viesd
020 |c 12000đ 
041 0 |a vie 
082 |a 895.92209  |b Ngu 
245 0 |a Nguyễn Công Trứ - Cao Bá Quát  |b Theo chương trình phân ban 1997 - 1998 của Bộ GD ĐT 
260 |a TP. Hồ Chí Minh  |b Nxb. Văn nghệ TP. Hồ Chí Minh  |c 1997 
300 |a 206tr  |c 19cm 
490 |a Tử sách Văn học trong nhà trường 
520 |a . 
653 |a Nguyễn Công Trứ 
653 |a Cao Bá Quát 
OWN |a LSP 
AVA |a UDN50  |b LSP  |d 895.92209 Ngu  |e available  |t Error 5001 Not defined in file expand_doc_bib_avail.  |f 2  |g 0  |h N  |i 0  |k 1 
999 |a From the UDN01 
AVA |a UDN50  |b LSP  |d 895.92209 Ngu  |e available  |t Error 5001 Not defined in file expand_doc_bib_avail.  |f 2  |g 0  |h N  |i 0  |k 1 
TYP |a Monograph 
TYP |a Printed language 
980 |a Mạng thư viện Đại học Đà Nẵng